000 nam a22 a 4500
999 _c186345
_d186345
003 BLK
005 20230126153410.0
008 180411b bul|||||r ||||||| ||bul||
010 _aKNG00195339000
040 _aBLK
041 _aBUL
_cBUL
080 _aФизикохимия
_b544
_x(075.8)
_z544(075.8)
100 1 _aМихайлова, Димитрия Начева
_eпърви автор
_9250643
139 _aМихайлова, Димитрия Начева
_bМ 74
245 1 0 _aФизикохимия
_bУчебник за студенти-фармацевти
_cДимитрия Михайлова.
257 _aBGR
260 _aСофия
_bНаука и изкуство
_c1977
_fЯмбол : Г. Димитров
300 _a391 с.
_bс черт., табл. и диагр.
_c22 см
380 _a5
500 _a2 577 тир. - Библиогр. с.371-372. - Азб. показалец.
650 4 _aФизикохимия - учебници за ВУЗ
_9243246
852 _aЦб 88522
856 4 _qpdf
_i0.00
_ldisable
856 4 _qpdf
_i0.00
_ldisable
942 _cKNG
_n0
_s1
944 _aCR
_c07.11.2016
_kВася_Ганчева
944 _aED
_c07.11.2016
_kВася_Ганчева
999 _d186345
999 _d186345